Sports Quiz

Random Sports or Football Quiz

NFL 30+ Receiving TDs, '00s & '10s Quiz Stats

 Plays Quiz Updated Jan 10, 2020

     
Support Sporcle.
Go Orange.
Score 0/128 Timer 11:00
18 Plays Today
TDs Receiver % Correct
128Randy Moss
96.3%
66Santana Moss
95.1%
67Chad Johnson
94.8%
83Calvin Johnson
94.7%
70Andre Johnson
94.4%
33Keyshawn Johnson
93.9%
34Steve Johnson
93.3%
120Larry Fitzgerald
92.5%
81Steve Smith
91.4%
123Terrell Owens
91.1%
43Rod Smith
90.8%
39Jimmy Smith
90.7%
95Marvin Harrison
89.2%
41Torrey Smith
88.5%
42Marvin Jones
88.2%
96Tony Gonzalez
87.3%
82Reggie Wayne
87.3%
57Julio Jones
86.8%
75Antonio Brown
86.3%
116Antonio Gates
85.2%
78Hines Ward
83.3%
32Michael Thomas
81.2%
51James Jones
80.3%
63Roddy White
77.8%
57Vincent Jackson
77.6%
51Darrell Jackson
77.3%
82Anquan Boldin
77%
36Julius Thomas
75.5%
55DeSean Jackson
75.2%
63Demaryius Thomas
74.6%
68Torry Holt
73%
63A.J. Green
71.5%
83Brandon Marshall
69.9%
79Rob Gronkowski
69.7%
73Dez Bryant
69.6%
72Marques Colston
69.2%
72Jason Witten
68.8%
50Wes Welker
68.3%
64Plaxico Burress
67.3%
60Donald Driver
67.2%
64Greg Jennings
66.3%
30Antonio Bryant
65%
72Jordy Nelson
64.1%
TDs Receiver % Correct
36Julian Edelman
64%
74Jimmy Graham
62.6%
48Odell Beckham, Jr.
61.6%
30Sidney Rice
61.5%
30Stefon Diggs
61.3%
50Isaac Bruce
61.3%
34Keenan Allen
60.9%
54DeAndre Hopkins
60.5%
32Tyreek Hill
60.1%
53Dallas Clark
59.2%
37Travis Kelce
57.5%
48Mike Evans
56.3%
36Santonio Holmes
55.7%
44Dwayne Bowe
54.7%
44Roy Williams
53.7%
45T.Y. Hilton
52.7%
63Vernon Davis
52.4%
42Emmanuel Sanders
51.4%
44Davante Adams
50.2%
49Doug Baldwin
49.7%
45Heath Miller
49.1%
44Randall Cobb
48%
33Amari Cooper
46.4%
37Miles Austin
46%
57Mike Wallace
46.1%
43Lee Evans
45.7%
63Derrick Mason
44.9%
33Allen Robinson
44.7%
51Joe Horn
43.8%
53Eric Decker
43.4%
35Zach Ertz
43.3%
34Jared Cook
43%
45Alshon Jeffery
42.5%
32Jarvis Landry
42.5%
47Muhsin Muhammad
42.2%
44Golden Tate
41.1%
54Michael Crabtree
39.9%
39Deion Branch
38.6%
42Amani Toomer
37.8%
38Pierre Garcon
37.4%
44T.J. Houshmandzadeh
36%
59Greg Olsen
34.9%
49Jeremy Maclin
34.8%
TDs Receiver % Correct
36Delanie Walker
34.8%
37Jeremy Shockey
34.5%
34Brandin Cooks
33.5%
49Laveranues Coles
32.8%
31Javon Walker
32.5%
31Hakeem Nicks
31.9%
58Chris Chambers
31.8%
40Braylon Edwards
30.6%
31Sammy Watkins
30.1%
44Lance Moore
28.7%
42Todd Heap
28.2%
33Marcus Robinson
28%
34Marcedes Lewis
26.8%
47Kyle Rudolph
26.5%
36Brandon Lloyd
26%
31Eric Moulds
23.6%
36Keenan McCardell
23.4%
30Martellus Bennett
22.5%
44Nate Washington
21.8%
34Malcom Floyd
21.7%
33Chris Cooley
21.5%
40Joey Galloway
21.5%
36Owen Daniels
20.6%
38Brandon Stokley
20.4%
30Brian Westbrook
20%
39Nate Burleson
19.5%
32Bubba Franks
18.4%
44Ben Watson
18%
31Brent Celek
17.9%
39Alge Crumpler
17.8%
32Darren Sproles
17.8%
32Kenny Britt
17.4%
33Ted Ginn
17.1%
34Marty Booker
15.5%
35Donte Stallworth
13.7%
36Kenny Stills
13.7%
34Jerricho Cotchery
13.4%
31Jerry Porter
10%
30Ike Hilliard
8.7%
31Brandon LaFell
8.1%
31Marcus Pollard
6.2%
36Anthony Fasano
5%

From the Vault

20th Century Decades: Odd Event Out

by hockeystix3

History 4m
Looking for a good history quiz? You've come to the Wright place.
Remove Ads.
Support Sporcle.
Get the best of Sporcle when you Go Orange. This ad-free experience offers more features, more stats, and more fun while also helping to support Sporcle. Thank you for becoming a member.

Show Comments

Extras

Top Quizzes Today


Score Distribution

Your Account Isn't Verified!

In order to create a playlist on Sporcle, you need to verify the email address you used during registration. Go to your Sporcle Settings to finish the process.

Report this User

Report this user for behavior that violates our Community Guidelines.

Details: